| 000 | 00833nam0a22002411 4500 | ||
|---|---|---|---|
| 001 | rc\2115373 | ||
| 005 | 20250623002442.0 | ||
| 035 | _a(NLR Aleph) 006490089 | ||
| 090 |
_a6123402 _c6123402 |
||
| 100 | _a20110829d1979 |||y0rusy50 ca | ||
| 101 | 0 | _arus | |
| 102 | _aRU | ||
| 105 | _aa z ||||| | ||
| 200 | 1 |
_aРусский узор _eАльбом для раскрашивания детям 7-8 лет _f[Авт.-худож. А.Н. Абрамова] |
|
| 210 |
_aМосква _cМалыш _d1979 |
||
| 215 |
_a[18] с. _cцв. ил. _d28 |
||
| 700 | 1 |
_4040 _7ca _8rus _aАбрамова _bА. С. _cхудожник, методист _gАнна Соломоновна _9235455 _3RU\NLR\AUTH\770235511 |
|
| 801 | 0 |
_aRU _bNLR _gpsbo |
|
| 801 | 1 |
_aRU _bELAR _2rusmarc |
|
| 852 |
_aNLR _j79-8/697 |
||
| 942 | _cBOOK | ||
| 980 | _aNB | ||